Bibliografia etnografii polskiej za lata 1926-1933

Podrobná bibliografia
Hlavný autor: Hlebowicz, Artur (Autor)
Médium: Kniha
Jazyk:poľština
Fyzický popis:164 s. 23 cm
Vydavateľské údaje: Łódź [etc.] Polskie Towarzystwo Ludoznawcze [etc.] 1993
ISBN:8390138700
Edícia:Archiwum etnograficzne
Predmet:

MARC

LEADER 00000nam a2200000 a 4500
001 vtls001183253
003 SK-MaSNL
005 20260301194646.0
008 251113s1993 PL a y 0 pol
020 |a 8390138700  |c [40,00] 
035 |a SNK000126302 
040 |a SNK  |b slo  |c SNK  |e AACR2 
044 |a PL 
080 |a 39(438):016  |2 1981 
100 1 |a Hlebowicz, Artur  |4 aut  |9 575584 
245 1 |a Bibliografia etnografii polskiej za lata 1926-1933  |c Artur Hlebowicz 
260 |a Łódź [etc.]  |b Polskie Towarzystwo Ludoznawcze [etc.]  |c 1993 
300 |a 164 s.  |c 23 cm 
490 1 |a Archiwum etnograficzne  |v nr. 37 
500 |a Čiast. text angl. 
650 0 7 |a národopis poľský  |y r. 1926-1933  |x bibliografie  |2 SNK  |9 575585 
830 0 |a Archiwum etnograficzne  |9 300058 
919 |a 83-901387-0-0 
999 |c 882613  |d 884543 
952 |t P60, <04>, [BOOK], {604}  |a SNK  |b SNK  |y VYP  |7 0  |p 17A0002236  |o snkIC 125637  |i snkV 00368/96  |0 0  |1 0  |4 0  |d 1996-03-06  |l 0  |r 2005-01-01 00:00:00  |w 2026-02-24